000 01507cam a22003857a 4500
003 CHAP
005 20220329142040.0
008 990426d1995 mx r 00010 spa d
010 _a77597
011 _a78569
035 _a88569
040 _cCHAP
090 _aFolleto 15125
100 0 0 _aDíaz Flores, Manuel.
_933467
245 1 0 _aInnovación financiera en gobiernos locales :
_bel caso del municipio de Aguascalientes
_c/por Manuel Díaz Flores y Rodolfo García del Castillo
260 _aMéxico, D.F. :
_bCentro de Investigación y docencia Económicas. División de Administración Pública,
_c1995.
300 _a49 h. :
_bgráfs. ; cuadros ; anexos
410 2 _aCIDE. División de Administración Pública
490 0 _aDocumento de trabajo
_v; 35
590 _aBATCH-UPD
_b10
_c20130110
_lUCH01
_h0532
590 _aBATCH-UPD
_b10
_c20130110
_lUCH01
_h2350
590 _aBATCH-UPD
_b10
_c20130410
_lUCH01
_h0212
590 _aBATCH-UPD
_b10
_c20130410
_lUCH01
_h1637
590 _aBATCH-UPD
_b10
_c20130914
_lUCH01
_h0932
590 _aCONVERSION
_b10
_c20130109
_lUCH01
_h1343
650 1 4 _aFinanzas municipales
_zAguascalientes.
_940950
650 1 4 _aGobierno municipal
_zAguascalientes.
_948423
700 0 _aGarcía del Castillo, Rodolfo.
_945921
810 0 0 _aCIDE. División de Administración Pública
_923093
830 0 _aDocumento de trabajo
_v; 35
_933227
901 _aBK
905 _aGuadalupe Pinto C.
942 _cFOLL
949 _aFolleto 15125
_bBC
_cFOLL
_d885691
_eTS1
_i88569
_sb
999 _c77597
_d77597